Verrinas

Na minha lista:
Detalhes bibliográficos
Autor principal: Cicerón, Marco Tulio (autor)
Formato: Livro
Idioma:espanhol
latim
Publicado em: Ciudad de México UNAM 1987
Assuntos:
Tags: Adicionar Tag
Sem tags, seja o primeiro a adicionar uma tag!

MARC

LEADER 00000nam a2200000 a 4500
001 UCX2531
003 CL-VaPUC
008 910612e19870000MX |||||||||||||||||spa|d
041 0 7 |a spa  |2 CL-VaPUC 
041 0 7 |a lat  |2 CL-VaPUC 
082 0 4 |a 186.3  |b CIC  |2 21 
100 |a Cicerón, Marco Tulio  |e autor  |9 255203 
245 1 0 |a Verrinas 
300 |a 115 p 
942 |c BK 
945 |d 19910612 00:00:00 
260 |a Ciudad de México  |b UNAM  |c 1987 
600 0 |a Cicerón, Marco Tulio  |e autor  |9 255203 
650 7 |a FILOSOFIA POLITICA  |2 CL-VaPUC  |9 318486 
583 |a last modification  |c 20160913 11:29:05  |k Rodrigo Vera 
999 |c 223532  |d 223530 
952 |0 0  |1 0  |4 0  |6 186_300000000000000_CIC_1987  |7 0  |8 A  |9 219441  |a BIBEDU  |b BIBEDU  |d 2019-11-15  |i 2881632  |o 186.3 CIC 1987  |p 2881632  |r 2019-11-15  |w 2019-11-15  |y BK  |k FIL